000 00683nam a2200253Ia 4500
005 20260121114155.0
008 008 260114s9999 xx 000 0 eng d
020 _a9781119362081
037 _aEBOOK
040 _aCRL
040 _beng
040 _cCRL
041 _2eng
041 _aeng
084 _qCRL
100 _aKazuo IUPsyS
_9971756
245 0 _aDiversity in Harmony - Insights from Psychology: Proceedings of the 31st International Congress of Psychology, Volume 1
260 _bWiley
260 _c2018
856 _uhttps://onlinelibrary.wiley.com/doi/book/10.1002/9781119362081
942 _cEBOOK
999 _c1551010
_d1551010